Vosges - mort subite - Statistiques

Statistiques générales
  • Ce quiz a été pris 25 fois
    21 depuis la dernière actualisation
  • Le résultat moyen est 9 sur 18
Answers on the Grid
Answers color-coded by a green-red scale on the quiz's grid according to % correct below.
Épinal
Vesoul
Le lieu de naissance de Jeanne d'Arc
Céram
Vittel
Le château de Chambord
Bains-les-Bains
Gilan
Xonrupt-Longemer
Le lac Nipigon
Saint-Dié-des-Vosges
Des eaux thermales
Cunene
Une frontière avec le territoire de Belfort
Grand
Batna
Pflugerville
Vinh
Contrexéville
Modène
Remiremont
Shubra El-Kheima
Taintrux
Hohneck
Haut-Uele
Du territoire qui était allemand en 1900
Albacete
Borama
Neufchâteau
La source de la Saône
Benue
Raon-l'Étape
Chimoio
Madurai
Uxegney
Xainfeing
 
Statistiques - réponses
Réponse % Correct
Épinal
94%
Saint-Dié-des-Vosges
76%
Contrexéville
71%
Xonrupt-Longemer
71%
Le sommet le plus haut (1363 m) Hohneck
65%
Remiremont
65%
Vittel
65%
Des eaux thermales
59%
Domrémy-la-Pucelle Le lieu de naissance de Jeanne d'Arc
53%
Raon-l'Étape
53%
Une frontière avec le territoire de Belfort
53%
Bains-les-Bains
41%
Neufchâteau
41%
Taintrux
35%
Uxegney
29%
Site archéologique gallo-romain avec un amphithéâtre Grand
24%
Vioménil La source de la Saône
24%
Hameau Xainfeing
6%
Aucun quiz correspondant
Distribution des résultats
% des personnes avec chaque résultat
Percentile par nombre de réponses
Votre historique - résultats
Vous n’avez pas pris ce quiz depuis la dernière actualisation